000 00276nam a2200109Ia 4500
008 220204s9999 xx 000 0 und d
082 _a82-3
_bKEE
100 _aKeene, Carolyn
245 0 _aMystery of the Wax Queen
260 _aNew York
_bGrosset and Dunlap
_c1972
942 _cBK
999 _c37648
_d37648